Supervision: Prinicples of professional management (Record no. 25623)

MARC details
000 -LEADER
fixed length control field 00296nam a2200109Ia 4500
082 ## - DEWEY DECIMAL CLASSIFICATION NUMBER
Classification number 658.3
Item number FUL
100 ## - MAIN ENTRY--AUTHOR NAME
Personal name Fulmer, Robert M
245 #0 - TITLE STATEMENT
Title Supervision: Prinicples of professional management
260 ## - PUBLICATION, DISTRIBUTION, ETC. (IMPRINT)
Place of publication California
Name of publisher Glencoe
Year of publication 1976
942 ## - ADDED ENTRY ELEMENTS (KOHA)
Koha item type Books
Holdings
Withdrawn status Lost status Damaged status Not for loan Home library Current library Date acquired Cost, normal purchase price Full call number Accession Number Koha item type
        RRII Library RRII Library 16/12/2021 12.95 658.3 FUL 06278 Books